00656 a2200181 4500999001900000005001700019010001500036020003100051035001400082037001300096082001400109245007300123260003000196270006900226300002200295942003300317952012400350 c183502d18350220211227130300.0 aENG-130680 a978-93-90022-35-9c1195.00 aEN-114212 bDBAD/PUB a300.15195 aSocial Statistics:cEdited by Ashmita GuptabManifestation of Growth aDelhibPrimus Booksc2020 aVirat Bhawan, Mukherjee Nagar, Commercial ComplexbDelhie110009 a268p.c25cm (hbk) adplcEN2ddch300.15195mSOC 001040708NFICaMbMd2021-12-27eDBAD/PUBg1195.00l0o300.15195 SOCpEN-114212r2021-12-27 00:00:00t1v1195.00yEN